Die größten Städte Deutschlands mit L - Statistiken

Allgemein
  • Dieses Quiz wurde 358 mal gespielt
  • Das Durchschnittsergebnis liegt bei 6 aus 13
Antwortstatistiken
Bundesland Stadt % Korrekt
Sachsen Leipzig
83%
Rheinland-Pfalz Ludwigshafen (Am Rhein)
79%
Nordrhein-Westfallen Leverkusen
68%
Baden-Württemberg Ludwigsburg
67%
Schleswig-Holstein Lübeck
66%
Bayern Landshut
59%
Niedersachsen Lüneburg
59%
Mecklenburg-Vorpommern Ludwigslust
32%
Hessen Langen (Hessen)
29%
Brandenburg Ludwigsfelde
14%
Sachsen-Anhalt Landsberg (Saalekreis)
12%
Thüringen Leinefelde-Worbis
12%
Saarland Lebach
11%
Keine übereinstimmenden Quizze gefunden
Verteilung der Resultate
Anzahl Personen mit jedem Resultat
Perzentil nach korrekt beantworteten Fragen
Ihre Resultats-Entwicklung
Sie haben dieses Quiz noch nicht gespielt